[Event "Bad Bevensen Seniors op 12th"]
[Site "Bad Bevensen"]
[Date "2009.07.15"]
[Round "9"]
[White "Romainczyk, Stefan"]
[Black "Juergens, Peter1"]
[Result "0-1"]
[WhiteElo "1666"]
[BlackElo "1812"]
[PlyCount "30"]
[EventDate "2009.07.07"]
[EventType "swiss"]
[EventRounds "9"]
[EventCountry "GER"]
[SourceTitle "EXT 2022"]
[Source "ChessBase"]
[SourceDate "2021.10.06"]
[SourceVersion "1"]
[SourceVersionDate "2021.10.06"]
[SourceQuality "1"]

1. e4 e6 2. Nc3 d5 3. exd5 exd5 4. d4 Nf6 5. Bg5 Be7 6. Nf3 Bf5 7. Bd3 Bxd3 8. Qxd3 c6 9. 0-0-0 0-0 10. h4 b5 11. Ne5 a5 12. a3 b4 13. axb4 axb4 14. Ne2 Ne4 15. Bxe7 Ra1# 0-1

[Event "Bad Bevensen Seniors op 12th"]
[Site "Bad Bevensen"]
[Date "2009.07.12"]
[Round "6"]
[White "Romainczyk, Stefan"]
[Black "Hartlaub, Marianne"]
[Result "1-0"]
[WhiteElo "1666"]
[BlackElo "1538"]
[PlyCount "59"]
[EventDate "2009.07.07"]
[EventType "swiss"]
[EventRounds "9"]
[EventCountry "GER"]
[SourceTitle "EXT 2022"]
[Source "ChessBase"]
[SourceDate "2021.10.06"]
[SourceVersion "1"]
[SourceVersionDate "2021.10.06"]
[SourceQuality "1"]

1. e4 d6 2. Nc3 c6 3. Bc4 b5 4. Bb3 e5 5. d3 Nf6 6. f4 Be7 7. f5 0-0 8. Nf3 Nbd7 9. h3 Nc5 10. g4 Nxb3 11. axb3 h6 12. g5 hxg5 13. Bxg5 Nh7 14. Bxe7 Qxe7 15. Qd2 g6 16. Rg1 Kh8 17. Qh6 Qf6 18. fxg6 Qg7 19. Qxg7+ Kxg7 20. gxh7+ Kh8 21. Rg8+ Rxg8 22. hxg8Q+ Kxg8 23. h4 b4 24. Ne2 Bg4 25. Kf2 f5 26. Rg1 Kh7 27. exf5 Bxf5 28. Rg3 Rf8 29. Ng5+ Kh8 30. Ke3 1-0

[Event "Bad Bevensen Seniors op 12th"]
[Site "Bad Bevensen"]
[Date "2009.07.08"]
[Round "2"]
[White "Romainczyk, Stefan"]
[Black "Luebbers, Doris"]
[Result "1-0"]
[WhiteElo "1666"]
[BlackElo "1369"]
[PlyCount "49"]
[EventDate "2009.07.07"]
[EventType "swiss"]
[EventRounds "9"]
[EventCountry "GER"]
[SourceTitle "EXT 2022"]
[Source "ChessBase"]
[SourceDate "2021.10.06"]
[SourceVersion "1"]
[SourceVersionDate "2021.10.06"]
[SourceQuality "1"]

1. e4 c5 2. Bc4 e6 3. a3 d6 4. d3 Nf6 5. Nc3 a6 6. f4 Nc6 7. Nf3 Qc7 8. h3 b5 9. Ba2 g6 10. g4 Bg7 11. Rg1 Nd4 12. Nxd4 cxd4 13. Ne2 Nd7 14. f5 e5 15. Bd2 Nc5 16. Rf1 f6 17. h4 Ke7 18. Ng3 Bd7 19. g5 Raf8 20. h5 fxg5 21. Bxg5+ Bf6 22. Bh6 Bh4 23. Bxf8+ Rxf8 24. Qg4 Bxg3+ 25. Qxg3 1-0

[Event "GER Seniors Derby 07th"]
[Site "Wesel Undeloh"]
[Date "2008.03.29"]
[Round "6.15"]
[White "Romainczyk, Stefan"]
[Black "Sack, Reinhard"]
[Result "0-1"]
[WhiteElo "1679"]
[BlackElo "1554"]
[PlyCount "114"]
[EventDate "2008.03.27"]
[EventType "swiss"]
[EventRounds "7"]
[EventCountry "GER"]
[SourceTitle "EXT 2022"]
[Source "ChessBase"]
[SourceDate "2021.10.06"]
[SourceVersion "1"]
[SourceVersionDate "2021.10.06"]
[SourceQuality "1"]

1. e4 b6 2. Bc4 e6 3. Nc3 Bb7 4. d3 Bb4 5. Bd2 Ne7 6. Nge2 0-0 7. 0-0 d5 8. exd5 Bxc3 9. Bxc3 Nxd5 10. Qd2 Nxc3 11. Qxc3 Nd7 12. Nf4 Re8 13. Rfe1 Qf6 14. Qxf6 Nxf6 15. Re3 a6 16. a3 b5 17. Ba2 Rad8 18. c3 Nd5 19. Nxd5 Bxd5 20. Bxd5 Rxd5 21. d4 Red8 22. b4 Kf8 23. f4 g6 24. g4 h5 25. g5 R8d7 26. Kg2 Re7 27. Rae1 Ke8 28. Kf3 Kd7 29. h4 Kc6 30. Re4 Rf5 31. Ke3 f6 32. gxf6 Rxf6 33. Rg1 Ref7 34. Rg5 Kd6 35. a4 c6 36. a5 Rg7 37. Ree5 Rg8 38. Kf3 Re8 39. Rc5 Rf5 40. Re5 Ref8 41. Rgxf5 gxf5 42. c4 Ra8 43. cxb5 axb5 44. Re1 Kc7 45. Rc1 Kd6 46. Ra1 Kd5 47. Re1 Ra7 48. Re5+ Kd6 49. Re1 Kd5 50. Ra1 Kc4 51. Rc1+ Kd5 52. Ra1 Kc4 53. Re1 Kd5 54. Rc1 Ra6 55. Ra1 Kxd4 56. Re1 c5 57. Rd1+ Kc4 0-1

[Event "GER Seniors Derby 07th"]
[Site "Wesel Undeloh"]
[Date "2008.03.28"]
[Round "3.6"]
[White "Weidlich, Guenter"]
[Black "Romainczyk, Stefan"]
[Result "1-0"]
[WhiteElo "2043"]
[BlackElo "1679"]
[PlyCount "45"]
[EventDate "2008.03.27"]
[EventType "swiss"]
[EventRounds "7"]
[EventCountry "GER"]
[SourceTitle "EXT 2022"]
[Source "ChessBase"]
[SourceDate "2021.10.06"]
[SourceVersion "1"]
[SourceVersionDate "2021.10.06"]
[SourceQuality "1"]

1. d4 d5 2. Nf3 Nf6 3. c4 dxc4 4. Qa4+ Bd7 5. Qxc4 e6 6. g3 Nc6 7. Bg2 Bb4+ 8. Bd2 Bxd2+ 9. Nbxd2 0-0 10. 0-0 Rb8 11. Rac1 Nd5 12. Rfd1 a5 13. e4 Nb6 14. Qe2 Ne7 15. Ne5 f6 16. Nxd7 Qxd7 17. Nb3 a4 18. Nc5 Qc8 19. Bh3 f5 20. exf5 Nxf5 21. Nxe6 Rf7 22. Bxf5 Rxf5 23. Rxc7 1-0

[Event "GER Seniors Derby 07th"]
[Site "Wesel Undeloh"]
[Date "2008.03.27"]
[Round "2.12"]
[White "Romainczyk, Stefan"]
[Black "Schwenn, Peter"]
[Result "1-0"]
[WhiteElo "1679"]
[BlackElo "1546"]
[PlyCount "149"]
[EventDate "2008.03.27"]
[EventType "swiss"]
[EventRounds "7"]
[EventCountry "GER"]
[SourceTitle "EXT 2022"]
[Source "ChessBase"]
[SourceDate "2021.10.06"]
[SourceVersion "1"]
[SourceVersionDate "2021.10.06"]
[SourceQuality "1"]

1. e4 c6 2. Nc3 d5 3. d4 dxe4 4. Nxe4 Nd7 5. Be3 Ngf6 6. Bd3 Nxe4 7. Bxe4 Nf6 8. Qd3 g6 9. Nf3 Nxe4 10. Qxe4 Bf5 11. Qf4 Bg7 12. c3 0-0 13. 0-0 Rc8 14. b4 Qd5 15. Rfc1 b5 16. a4 a6 17. axb5 axb5 18. Ra7 Qd6 19. Qh4 f6 20. Rca1 g5 21. Qg3 Qxg3 22. hxg3 Rfe8 23. Nd2 h6 24. f3 Bg6 25. g4 e5 26. Rd7 exd4 27. Bxd4 Rcd8 28. Raa7 Rxd7 29. Rxd7 Rc8 30. Kf2 Be8 31. Rd6 Bf8 32. Rxf6 Rd8 33. Ne4 Bg7 34. Rd6 Bxd4+ 35. Rxd4 Rxd4 36. cxd4 Kg7 37. Ke3 Bf7 38. g3 Be6 39. Nc5 Bd5 40. f4 Kg6 41. f5+ Kf6 42. Nd7+ Ke7 43. Ne5 Kf6 44. Nd7+ Ke7 45. Nc5 Kf6 46. Ne4+ Ke7 47. Nf2 Kf6 48. Nd3 Ke7 49. Ne5 Kf6 50. Ng6 Kf7 51. Kd3 Kf6 52. Ne5 Ke7 53. Ke3 Kf6 54. Nd7+ Ke7 55. Nb6 Kf7 56. Kf2 Kf6 57. Ke2 Ke7 58. Kd3 Kf6 59. Na8 Bf3 60. Nb6 Ke7 61. d5 cxd5 62. Kd4 Bxg4 63. Nxd5+ Kd6 64. Ne3 Bf3 65. Nc2 g4 66. Ke3 Bc6 67. Kf4 h5 68. Kg5 Be8 69. Nd4 Ke5 70. Ne6 Bd7 71. Ng7 Bc8 72. f6 h4 73. f7 h3 74. f8Q h2 75. Qh8 1-0